| 000 | 00926nam0a22002651 4500 | ||
|---|---|---|---|
| 001 | rc\579082 | ||
| 005 | 20031121162837.9 | ||
| 035 | _a(NLR Aleph) 005826870 | ||
| 090 |
_a5538406 _c5538406 |
||
| 100 | _a20031121d1988 u |0rusy50 ca | ||
| 101 | 0 | _arus | |
| 102 | _aRU | ||
| 105 | _aa ||||||||| | ||
| 200 | 1 |
_aМихаил Ромм. Исповедь кинорежиссера _eКиносценарий _fС. Фрейлих _g[Послесл. Д. Данина] |
|
| 210 |
_aМ. _cИскусство _d1988 |
||
| 215 |
_a85, [2] с. _cил. _d19 |
||
| 225 | 1 | _aБиблиотека кинодраматургии | |
| 300 | _aНа обл. авт. не указан | ||
| 600 | 1 |
_aРомм _bМ.И. _gМихаил Ильич _2psbo |
|
| 700 | 1 |
_aФрейлих _bС. И. _f1920- _gСемен Израилевич |
|
| 801 | 0 |
_aRU _bNLR _gpsbo |
|
| 801 | 1 |
_aRU _bELAR _2rusmarc |
|
| 852 |
_aNLR _j88-4/17854 |
||
| 942 | _cBOOK | ||
| 980 | _aNB | ||